Corruption and the rate of temptation do low wages in the civil service cause corruption?

Salvato in:
Dettagli Bibliografici
Autore principale: Rijckeghem, Caroline van
Altri autori: Weder, Beatrice
Natura: Libro
Lingua:inglese
Pubblicazione: Washington International Monetary Fund 1997
Serie:IMF working paper WP/97/73
Soggetti:
Tags: Aggiungi Tag
Nessun Tag, puoi essere il primo ad aggiungerne!!

MARC

LEADER 00000nam a2200000 4500
001 c100038
005 20221124074509.4
041 0 |a eng 
044 |a US 
245 1 0 |a Corruption and the rate of temptation  |b do low wages in the civil service cause corruption?  |c Caroline Van Rijckeghem, Beatrice Weder 
264 1 |a Washington  |b International Monetary Fund  |c 1997 
300 |a 56 s. 
490 1 |a IMF working paper  |v WP/97/73 
830 0 |a IMF working paper  |v WP/97/73 
610 2 0 |a korupcia 
610 2 0 |a správa štátna 
610 2 0 |a zamestnanci 
610 2 0 |a zamestnanci štátni 
610 2 0 |a platy 
610 2 0 |a mzdy 
610 2 0 |a odmeňovanie 
610 2 0 |a pracovníci administratívni 
100 1 |a Rijckeghem, Caroline van 
700 1 |a Weder, Beatrice